United States : 2003 Article IV Consultation-Staff Report; Staff Supplement; and Public Information Notice on the Executive Board Discussion.

Despite repeated shocks, the United States economy has provided valuable support for global growth. Executive Directors commended this development, and stressed the need to tighten fiscal and monetary policies. They welcomed the assessment of the fiscal transparency Reports on Observance of Standard...

Deskribapen osoa

Xehetasun bibliografikoak
Erakunde egilea: International Monetary Fund
Formatua: Aldizkaria
Hizkuntza:English
Argitaratua: Washington, D.C. : International Monetary Fund, 2003.
Saila:IMF Staff Country Reports; Country Report ; No. 2003/244
Sarrera elektronikoa:Full text available on IMF
LEADER 01719cas a2200241 a 4500
001 AALejournalIMF008504
008 230101c9999 xx r poo 0 0eng d
020 |c 5.00 USD 
020 |z 9781451839609 
022 |a 1934-7685 
040 |a BD-DhAAL  |c BD-DhAAL 
110 2 |a International Monetary Fund. 
245 1 0 |a United States :   |b 2003 Article IV Consultation-Staff Report; Staff Supplement; and Public Information Notice on the Executive Board Discussion. 
264 1 |a Washington, D.C. :  |b International Monetary Fund,  |c 2003. 
300 |a 1 online resource (54 pages) 
490 1 |a IMF Staff Country Reports 
500 |a <strong>Off-Campus Access:</strong> No User ID or Password Required 
500 |a <strong>On-Campus Access:</strong> No User ID or Password Required 
506 |a Electronic access restricted to authorized BRAC University faculty, staff and students 
520 3 |a Despite repeated shocks, the United States economy has provided valuable support for global growth. Executive Directors commended this development, and stressed the need to tighten fiscal and monetary policies. They welcomed the assessment of the fiscal transparency Reports on Observance of Standards and Codes that the United States has set in areas of fiscal transparency. They urged the authorities to strengthen the financial position of the Social Security and Medicare system. They demanded the United States to play a leadership role in promoting an open multilateral trade system. 
538 |a Mode of access: Internet 
830 0 |a IMF Staff Country Reports; Country Report ;  |v No. 2003/244 
856 4 0 |z Full text available on IMF  |u http://elibrary.imf.org/view/journals/002/2003/244/002.2003.issue-244-en.xml  |z IMF e-Library